SEC Football Conference - Statistics

General Stats
  • This quiz has been taken 75 times
  • The average score is 14 of 16
Answer Stats
Answer % Correct
Alabama
97%
Texas
97%
Florida
94%
LSU
90%
Oklahoma
89%
Tennessee
89%
Georgia
87%
Missouri
87%
Kentucky
84%
Ole Miss
84%
Auburn
83%
Texas A&M
83%
Vanderbilt
79%
Mississippi St
78%
South Carolina
78%
Arkansas
73%
No matching quizzes found
Score Distribution
Percent of People with Each Score
Percentile by Number Answered
Your Score History
You have not taken this quiz